| 000 | 00479nam a22001457a 4500 | ||
|---|---|---|---|
| 082 |
_a891.4393 _bAAL |
||
| 100 | _aAali,Dr.Jameel-ul Din | ||
| 245 | _aQurat-ul-Haider Urdu fiction k Tanazur Main | ||
| 260 |
_aلاہور: _bفضلی بک پبلشرز, _c2018 |
||
| 300 | _a496p. | ||
| 563 | _aHB | ||
| 880 |
_6100-01\(3\r _aڈاکٹر جمیل الدین عالی |
||
| 880 |
_6245-02\(3\r _a قرۃ العین اردو فکشن کے تناظر میں |
||
| 942 |
_2ddc _cBK |
||
| 999 |
_c614347 _d614347 |
||